00530cam a22002171 4500001001300000003000400013005001700017008004100034010001700075035002000092040001800112042001200130050001600142100002700158245002900185260001100214300002300225500001800248650002900266999001700295sa 68017917 DLC20260227112707.0890724s1965 ce 000 0 sino  asa 68017917  a(OCoLC)20059952 aDLCcWaUdDLC apremarc00aAG243b.D631 aDodampegama, Benedict.10aPudumayi! ēt āttayi. c[1965] aiii, 88 p.c18 cm. aIn Sinhalese. 0aCuriosities and wonders. c88057d88057